Country Compass - Portugal - Statistics

General Stats
  • This quiz has been taken 12 times
  • The average score is 19 of 23
Answer Stats
Country % Correct
Canada
100%
Russia
100%
United States
100%
Bahamas
90%
Brazil
90%
Democratic Republic of the Congo
90%
Dominican Republic
90%
Guyana
90%
Haiti
90%
Kazakhstan
90%
Kenya
90%
Tanzania
90%
Ethiopia
80%
Iran
80%
Kyrgyzstan
80%
Oman
80%
Somalia
80%
Uzbekistan
80%
Venezuela
80%
Pakistan
70%
Afghanistan
60%
Angola
60%
Tajikistan
60%
No matching quizzes found
Score Distribution
Percent of People with Each Score
Percentile by Number Answered
Your Score History
You have not taken this quiz